Metodología y desarrollo en las ciencias sociales : (Registro nro. 5756)

Detalles MARC
000 -LEADER
fixed length control field 00835nam a2200229Ia 4500
003 - CONTROL NUMBER IDENTIFIER
control field OSt
005 - DATE AND TIME OF LATEST TRANSACTION
control field 20200408120825.0
008 - FIXED-LENGTH DATA ELEMENTS--GENERAL INFORMATION
fixed length control field 191128s9999 ck gr 000 0 spa d
040 ## - CATALOGING SOURCE
Original cataloging agency CO-JMCR
Transcribing agency CO-JMCR
041 0# - LANGUAGE CODE
Language code of text/sound track or separate title spa
082 ## - DEWEY DECIMAL CLASSIFICATION NUMBER
Classification number 300 .18
082 ## - DEWEY DECIMAL CLASSIFICATION NUMBER
Item number H386m
100 1# - MAIN ENTRY--PERSONAL NAME
Personal name Havens, Eugene,
Relator term autor
9 (RLIN) 2804
245 10 - TITLE STATEMENT
Title Metodología y desarrollo en las ciencias sociales :
Remainder of title efectos del crecimiento dependiente sobre la estructura social colombiana /
Statement of responsibility, etc. Eugene Havens
250 ## - EDITION STATEMENT
Edition statement Primera edición
260 ## - PUBLICATION, DISTRIBUTION, ETC.
Place of publication, distribution, etc. Bogotá :
Name of publisher, distributor, etc. Presencia,
Date of publication, distribution, etc. 1977
300 ## - PHYSICAL DESCRIPTION
Extent 614 páginas ;
Dimensions 16 cm.
505 ## - FORMATTED CONTENTS NOTE
Formatted contents note El enfoque sicodinámico -- Conductismo y difusión -- Estructuralismo -- Enfoque histórico y de clases
650 14 - SUBJECT ADDED ENTRY--TOPICAL TERM
Topical term or geographic name entry element Estructura social
9 (RLIN) 2805
650 24 - SUBJECT ADDED ENTRY--TOPICAL TERM
Topical term or geographic name entry element Ciencias sociales Desarrollo social
General subdivision Migración
9 (RLIN) 2806
942 ## - ADDED ENTRY ELEMENTS (KOHA)
Source of classification or shelving scheme Dewey Decimal Classification
Koha item type Books
Existencias
Withdrawn status Lost status Source of classification or shelving scheme Materials specified (bound volume or other part) Damaged status Not for loan Home library Current library Shelving location Date acquired Source of acquisition Cost, normal purchase price Total Checkouts Full call number Barcode Date last seen Copy number Price effective from Koha item type
    Dewey Decimal Classification Donación--15/04/2018--     Biblioteca Pública José María del Castillo y Rada Biblioteca Pública José María del Castillo y Rada General Stacks 11/28/2019 Donación 0.00   300.18 / H386m 430004135 05/16/2024 Ej.1 11/28/2019 Books